000 00435nam a2200181 i 4500
001 bg
100 1 _aOsiński, Zbigniew
_d(1926-2001).
245 1 0 _aMechanika ogólna.
_nCz. 1 /
_cZ. Osiński.
260 _aWarszawa,
_c1987.
650 9 _aMechanika
655 _aPodręczniki akademickie
040 _cBPK
041 _apol
080 _a531/534
080 _a(075.8)
942 _cKS
008 s pl f |000 0 pol
999 _c3348
_d3348
856 _uhttp://koha.tu.koszalin.pl/cgi-bin/koha/opac-detail.pl?biblionumber=3348
_yKatalog online BPK